AFI's 10 Top 10: Sports - Statistics

General Stats
  • This quiz has been taken 44 times
  • The average score is 4 of 10
Answer Stats
Rank Film Year % Correct
2 Rocky 1976
86%
1 Raging Bull 1980
70%
3 The Pride of the Yankees 1942
65%
4 Hoosiers 1986
57%
5 Bull Durham 1988
46%
10 Jerry Maguire 1996
41%
8 Breaking Away 1979
32%
7 Caddyshack 1980
11%
6 The Hustler 1961
11%
9 National Velvet 1944
5%
No matching quizzes found
Score Distribution
Percent of People with Each Score
Percentile by Number Answered
Your Score History
You have not taken this quiz